| 000 | 01380cam a22003011i 4500 | ||
|---|---|---|---|
| 003 | SA-RiAUC | ||
| 005 | 20250714042008.0 | ||
| 008 | 250713s2002 su g 000 0bara c | ||
| 020 | _a9960874435 | ||
| 040 |
_aSA-RIMASH _bara _cSA-RiAUC _erda |
||
| 082 | 0 |
_a922.113 _qSA-RiAUC |
|
| 090 |
_a922.113 _bح م د |
||
| 100 | 1 |
_aالحمد، محمد بن إبراهيم أحمد، _d1385 هجري- _eمؤلف. |
|
| 245 | 1 | 0 |
_aجوانب من سيرة الإمام عبد العزيز بن باز رحمه الله / _cرواية محمد بن موسى الموسى ؛ إعداد محمد بن إبراهيم الحمد. |
| 250 | _aالطبعة الأولى. | ||
| 264 | 1 |
_aالرياض : _bدار ابن خزيمة، _c2002. |
|
| 300 |
_a657 صفحة ؛ _c24 سم |
||
| 336 |
_aنص _btxt _2rdacontent _3كتاب |
||
| 337 |
_aبدون وسيط _bn _2rdamedia |
||
| 338 |
_aمجلد _bnc _2rdacarrier |
||
| 600 | 1 | 7 |
_aابن باز، عبد العزيز بن عبد الله بن عبد الرحمن، _d1332-1420 هجري _2aucnm |
| 650 | 7 |
_aالدعوة الإسلامية _zالسعودية _2aucsh |
|
| 650 | 7 |
_aالدعاة _vتراجم _2aucsh |
|
| 650 | 7 |
_aالدعوة الإسلامية _2aucsh |
|
| 700 | 1 |
_aالموسى، محمد بن موسى بن عبد الله، _dولد 1366 هجري _eراوي. |
|
| 942 |
_2ddc _cBOOK _n0 |
||
| 949 |
_aSA-JeALM _d250713 _uosman123 _n1 |
||
| 999 |
_c9900 _d9900 |
||